000 00729 a2200205 4500
999 _c825
_d825
020 _a9780797456341
050 0 0 _aDT2937. MAN 2013
100 _aManyanga Munyaradzi
245 0 0 _aZimbabwean archaeology in the post-independence era /
_cedited by Munyaradzi Manyanga and Seke Katsamudanga.
264 1 _aHarare :
_bSapes Books,
_c2013.
300 _axiv, 270 pages :
_billustrations (some color) ;
500 _aIt lncludes index
504 _aIncludes bibliographical references.
650 _aPost independence - Zimbabwe
651 0 _aZimbabwe
700 1 _aManyanga, Munyaradzi,
_eeditor.
700 1 _aKatsamudanga, Seke,
_eeditor.
942 _2lcc
_cBK
_h2937
_iMAN
_kDT